Statistiques concernant PMA en Afrique

Cliquez ici pour prendre le quiz!

Statistiques générales

  • Ce quiz a été pris 9 fois
  • Le résultat moyen est 23 sur 33

Réponses sur la Carte

Les réponses sont colorées sur une échelle allant du rouge au vert en fonction du pourcentage des utilisateurs qui les ont devinées à leur premier essai. Vous pouvez retrouver ces pourcentages ci-dessous.
 

Statistiques - réponses

Réponse% Correct
Angola
89%
république démocratique du congo
89%
djibouti
78%
érythrée
78%
éthiopie
78%
guinée
78%
guinée-bissau
78%
lesotho
78%
madagascar
78%
mauritanie
78%
rwanda
78%
sénégal
78%
somalie
78%
soudan
78%
soudan du sud
78%
togo
78%
zambie
78%
Bénin
67%
burundi
67%
comores
67%
mali
67%
mozambique
67%
niger
67%
ouganda
67%
république centrafricaine
67%
tanzanie
67%
tchad
67%
burkina faso
56%
gambie
56%
malawi
56%
sao tomé-et-principe
56%
libéria
44%
sierra leone
44%

Distribution des résultats

Percentile par nombre de réponses

% des personnes avec chaque résultat

Votre développement - résultats

Vous n’avez pas pris ce quiz